LEADER 00703nam a2200193 i 4500 001 000000142346 003 CaOOAMICUS 005 20230717094520.0 008 180830n1963 it u000 u ita u 040 $aSeMil$bita 245 00$aVol. 2. 300 $aP. VI, 654-1126 ;$c20 cm. 490 1 $aGli struzzi ;$v10./2 773 0 $aDeakin, Frederick William <1913-2005>$tStoria della repubblica di Salò.$dTorino : Einaudi, 1963.$g2$w()23879 830 4$aGli struzzi ;$v10./2.$0(OLS)http://semarc/title/6903 850 $aSeMil 852 $aSeMil$W1$xVenegono$y1$m3V I 124$j242266$B245943$CSeMilBibl$Z2$F245943 $81 996 $6245$aVol. 2$9(OLS)http://semarc/title/13458 LEADER 01092nam a2200217 i 4500 001 000000179442 003 CaOOAMICUS 005 20250829120631.0 008 090514s1986 xxk u000 u mul u 040 $aSeMil$bita 245 10$a12: Charmides ; Alcibiades 1. and 2. ; Hipparchus ; The lovers ; Theages ; Minos ; Epinomis /$cPlato ; with an english translation by W. R. M. Lamb. 300 $aXXII, 489 p. 490 1 $aThe Loeb Classical Library ;$v201 700 1 $aLamb, Walter Rangeley Maitland,$d<1882-1961>.$0(OLS)http://semarc/name/66515 773 0 $aPlato <427-347 a.C.>$tPlato.$dCambridge, Massachusetts : Harvard University Press ; London : Heinemann, 1953-$g12$w()21308 830 4$aThe Loeb Classical Library ;$v201.$0(OLS)http://semarc/title/26868 850 $aSeMil 852 $aSeMil$W1$xVenegono$y1$m1Y II 45$j261131$B130204$CSeMilBibl$Z2$F141692 $81 961 $aOmaggio: Villa don Cesare 996 $6245$a12: Charmides ; Alcibiades 1. and 2. ; Hipparchus ; The lovers ; Theages ; Minos ; Epinomis$9(OLS)http://semarc/title/257627